<?xml version="1.0" encoding="UTF-8"?>
<record
    xmlns:xsi="http://www.w3.org/2001/XMLSchema-instance"
    xsi:schemaLocation="http://www.loc.gov/MARC21/slim http://www.loc.gov/standards/marcxml/schema/MARC21slim.xsd"
    xmlns="http://www.loc.gov/MARC21/slim">

  <leader>00861nas a2200241 454500</leader>
  <controlfield tag="001">25272</controlfield>
  <controlfield tag="005">20260407193506.0</controlfield>
  <controlfield tag="008">260407s1981####ag###########|||spa#d</controlfield>
  <controlfield tag="003">AR-UNSa-BCEJYS</controlfield>
  <datafield tag="040" ind1=" " ind2=" ">
    <subfield code="a">AR-UNSa-BCEJYS</subfield>
    <subfield code="b">spa</subfield>
    <subfield code="c">AR-UNSa-BCEJYS</subfield>
  </datafield>
  <datafield tag="080" ind1=" " ind2=" ">
    <subfield code="a">330</subfield>
    <subfield code="x">Econom&#xED;a en general</subfield>
  </datafield>
  <datafield tag="245" ind1="1" ind2="0">
    <subfield code="a">Informe Econ&#xF3;mico CIEC</subfield>
  </datafield>
  <datafield tag="264" ind1=" " ind2="1">
    <subfield code="a">C&#xF3;rdoba :</subfield>
    <subfield code="b">Centro de Investigaciones Econ&#xF3;micas de C&#xF3;rdoba</subfield>
    <subfield code="c">1981</subfield>
  </datafield>
  <datafield tag="310" ind1=" " ind2=" ">
    <subfield code="a">Frecuencia: Trimestral</subfield>
  </datafield>
  <datafield tag="942" ind1=" " ind2=" ">
    <subfield code="c">SER</subfield>
  </datafield>
  <datafield tag="590" ind1=" " ind2=" ">
    <subfield code="a">niveau_biblio:s niveau_hierar:1</subfield>
  </datafield>
  <datafield tag="100" ind1="1" ind2=" ">
    <subfield code="a">Di Marco, Luis Eugenio</subfield>
  </datafield>
  <datafield tag="700" ind1="1" ind2=" ">
    <subfield code="a">Centro de Investigaciones Econ&#xF3;micas de C&#xF3;rdoba (CIEC)</subfield>
  </datafield>
  <datafield tag="650" ind1=" " ind2=" ">
    <subfield code="a">Estad&#xED;sticas econ&#xF3;micas</subfield>
  </datafield>
  <datafield tag="650" ind1=" " ind2=" ">
    <subfield code="a">Investigaci&#xF3;n econ&#xF3;mica</subfield>
  </datafield>
  <datafield tag="650" ind1=" " ind2=" ">
    <subfield code="a">Informaci&#xF3;n econ&#xF3;mica</subfield>
  </datafield>
  <datafield tag="856" ind1="4" ind2="1">
    <subfield code="u">https://biblioeco.unsa.edu.ar/pmb/images/revistas/Informe Econ?mico CIEC.jpg</subfield>
    <subfield code="y">Imagen de portada</subfield>
    <subfield code="q">image/jpeg</subfield>
  </datafield>
  <datafield tag="999" ind1=" " ind2=" ">
    <subfield code="c">8585</subfield>
    <subfield code="d">8585</subfield>
  </datafield>
  <datafield tag="952" ind1=" " ind2=" ">
    <subfield code="0">0</subfield>
    <subfield code="1">0</subfield>
    <subfield code="4">0</subfield>
    <subfield code="7">0</subfield>
    <subfield code="a">BCEJYS</subfield>
    <subfield code="b">BCEJYS</subfield>
    <subfield code="c">17</subfield>
    <subfield code="d">2005-12-01</subfield>
    <subfield code="h">A&#xF1;o XXVI/XXVII, N&#xBA; 104/105 - dic. 2005/mar. 2006</subfield>
    <subfield code="l">0</subfield>
    <subfield code="o">H330 IEC 104/105</subfield>
    <subfield code="p">R12207</subfield>
    <subfield code="r">2026-04-10 16:08:24</subfield>
    <subfield code="w">2026-04-10</subfield>
    <subfield code="y">RN</subfield>
  </datafield>
  <datafield tag="952" ind1=" " ind2=" ">
    <subfield code="0">0</subfield>
    <subfield code="1">0</subfield>
    <subfield code="4">0</subfield>
    <subfield code="7">0</subfield>
    <subfield code="a">BCEJYS</subfield>
    <subfield code="b">BCEJYS</subfield>
    <subfield code="c">17</subfield>
    <subfield code="d">2005-09-01</subfield>
    <subfield code="h">A&#xF1;o XXVI, N&#xBA; 102/103 - sep. 2005</subfield>
    <subfield code="l">0</subfield>
    <subfield code="o">H330 IEC 102/103</subfield>
    <subfield code="p">R01647</subfield>
    <subfield code="r">2026-04-10 16:08:24</subfield>
    <subfield code="w">2026-04-10</subfield>
    <subfield code="y">RN</subfield>
  </datafield>
  <datafield tag="952" ind1=" " ind2=" ">
    <subfield code="0">0</subfield>
    <subfield code="1">0</subfield>
    <subfield code="4">0</subfield>
    <subfield code="7">0</subfield>
    <subfield code="a">BCEJYS</subfield>
    <subfield code="b">BCEJYS</subfield>
    <subfield code="c">17</subfield>
    <subfield code="d">2005-09-01</subfield>
    <subfield code="h">A&#xF1;o XXVI, N&#xBA; 102/103 - sep. 2005</subfield>
    <subfield code="l">0</subfield>
    <subfield code="o">H330 IEC 102/103 Ej.2</subfield>
    <subfield code="p">R01648</subfield>
    <subfield code="r">2026-04-10 16:08:24</subfield>
    <subfield code="w">2026-04-10</subfield>
    <subfield code="y">RN</subfield>
  </datafield>
  <datafield tag="952" ind1=" " ind2=" ">
    <subfield code="0">0</subfield>
    <subfield code="1">0</subfield>
    <subfield code="4">0</subfield>
    <subfield code="7">0</subfield>
    <subfield code="a">BCEJYS</subfield>
    <subfield code="b">BCEJYS</subfield>
    <subfield code="c">17</subfield>
    <subfield code="d">2004-12-01</subfield>
    <subfield code="h">A&#xF1;o XVX/XXVI, N&#xBA; 100/101 - dic. 2004/mar. 2005</subfield>
    <subfield code="l">0</subfield>
    <subfield code="o">H330 IEC 100/101</subfield>
    <subfield code="p">R01614</subfield>
    <subfield code="r">2026-04-10 16:08:24</subfield>
    <subfield code="w">2026-04-10</subfield>
    <subfield code="y">RN</subfield>
  </datafield>
  <datafield tag="952" ind1=" " ind2=" ">
    <subfield code="0">0</subfield>
    <subfield code="1">0</subfield>
    <subfield code="4">0</subfield>
    <subfield code="7">0</subfield>
    <subfield code="a">BCEJYS</subfield>
    <subfield code="b">BCEJYS</subfield>
    <subfield code="c">17</subfield>
    <subfield code="d">2004-11-01</subfield>
    <subfield code="h">A&#xF1;o XXV, N&#xBA; 98/99 - nov. 2004</subfield>
    <subfield code="l">0</subfield>
    <subfield code="o">H330 IEC 98/99</subfield>
    <subfield code="p">R12206</subfield>
    <subfield code="r">2026-04-10 16:08:24</subfield>
    <subfield code="w">2026-04-10</subfield>
    <subfield code="y">RN</subfield>
  </datafield>
  <datafield tag="952" ind1=" " ind2=" ">
    <subfield code="0">0</subfield>
    <subfield code="1">0</subfield>
    <subfield code="4">0</subfield>
    <subfield code="7">0</subfield>
    <subfield code="a">BCEJYS</subfield>
    <subfield code="b">BCEJYS</subfield>
    <subfield code="c">17</subfield>
    <subfield code="d">2003-08-01</subfield>
    <subfield code="h">A&#xF1;o XXIV, N&#xBA; 94/95 - ago. 2003</subfield>
    <subfield code="l">0</subfield>
    <subfield code="o">H330 IEC 94/95</subfield>
    <subfield code="p">R12205</subfield>
    <subfield code="r">2026-04-10 16:08:24</subfield>
    <subfield code="w">2026-04-10</subfield>
    <subfield code="y">RN</subfield>
  </datafield>
  <datafield tag="952" ind1=" " ind2=" ">
    <subfield code="0">0</subfield>
    <subfield code="1">0</subfield>
    <subfield code="4">0</subfield>
    <subfield code="7">0</subfield>
    <subfield code="a">BCEJYS</subfield>
    <subfield code="b">BCEJYS</subfield>
    <subfield code="c">17</subfield>
    <subfield code="d">2002-09-01</subfield>
    <subfield code="h">A&#xF1;o XXIII, N&#xBA; 90/91 - sep. 2002</subfield>
    <subfield code="l">0</subfield>
    <subfield code="o">H330 IEC 90/91</subfield>
    <subfield code="p">R12204</subfield>
    <subfield code="r">2026-04-10 16:08:24</subfield>
    <subfield code="w">2026-04-10</subfield>
    <subfield code="y">RN</subfield>
  </datafield>
  <datafield tag="952" ind1=" " ind2=" ">
    <subfield code="0">0</subfield>
    <subfield code="1">0</subfield>
    <subfield code="4">0</subfield>
    <subfield code="7">0</subfield>
    <subfield code="a">BCEJYS</subfield>
    <subfield code="b">BCEJYS</subfield>
    <subfield code="c">17</subfield>
    <subfield code="d">2001-03-01</subfield>
    <subfield code="h">A&#xF1;o XXII, N&#xBA; 85 - mar. 2001</subfield>
    <subfield code="l">0</subfield>
    <subfield code="o">H330 IEC 85</subfield>
    <subfield code="p">R12203</subfield>
    <subfield code="r">2026-04-10 16:08:24</subfield>
    <subfield code="w">2026-04-10</subfield>
    <subfield code="y">RN</subfield>
  </datafield>
  <datafield tag="952" ind1=" " ind2=" ">
    <subfield code="0">0</subfield>
    <subfield code="1">0</subfield>
    <subfield code="4">0</subfield>
    <subfield code="7">0</subfield>
    <subfield code="a">BCEJYS</subfield>
    <subfield code="b">BCEJYS</subfield>
    <subfield code="c">17</subfield>
    <subfield code="d">2000-12-01</subfield>
    <subfield code="h">A&#xF1;o XXI, N&#xBA; 140 - dic. 2000</subfield>
    <subfield code="l">0</subfield>
    <subfield code="o">H330 IEC 84</subfield>
    <subfield code="p">R12202</subfield>
    <subfield code="r">2026-04-10 16:08:24</subfield>
    <subfield code="w">2026-04-10</subfield>
    <subfield code="y">RN</subfield>
  </datafield>
  <datafield tag="952" ind1=" " ind2=" ">
    <subfield code="0">0</subfield>
    <subfield code="1">0</subfield>
    <subfield code="4">0</subfield>
    <subfield code="7">0</subfield>
    <subfield code="a">BCEJYS</subfield>
    <subfield code="b">BCEJYS</subfield>
    <subfield code="c">17</subfield>
    <subfield code="d">2000-09-01</subfield>
    <subfield code="h">A&#xF1;o XXI, N&#xBA; 83 - sep. 2000</subfield>
    <subfield code="l">0</subfield>
    <subfield code="o">H330 IEC 83</subfield>
    <subfield code="p">R12201</subfield>
    <subfield code="r">2026-04-10 16:08:24</subfield>
    <subfield code="w">2026-04-10</subfield>
    <subfield code="y">RN</subfield>
  </datafield>
  <datafield tag="952" ind1=" " ind2=" ">
    <subfield code="0">0</subfield>
    <subfield code="1">0</subfield>
    <subfield code="4">0</subfield>
    <subfield code="7">0</subfield>
    <subfield code="a">BCEJYS</subfield>
    <subfield code="b">BCEJYS</subfield>
    <subfield code="c">17</subfield>
    <subfield code="d">2000-06-01</subfield>
    <subfield code="h">A&#xF1;o XXI, N&#xBA; 82 - jun. 2000</subfield>
    <subfield code="l">0</subfield>
    <subfield code="o">H330 IEC 82</subfield>
    <subfield code="p">R12200</subfield>
    <subfield code="r">2026-04-10 16:08:24</subfield>
    <subfield code="w">2026-04-10</subfield>
    <subfield code="y">RN</subfield>
  </datafield>
  <datafield tag="952" ind1=" " ind2=" ">
    <subfield code="0">0</subfield>
    <subfield code="1">0</subfield>
    <subfield code="4">0</subfield>
    <subfield code="7">0</subfield>
    <subfield code="a">BCEJYS</subfield>
    <subfield code="b">BCEJYS</subfield>
    <subfield code="c">17</subfield>
    <subfield code="d">2000-03-01</subfield>
    <subfield code="h">A&#xF1;o XXI, N&#xBA; 81 - mar. 2000</subfield>
    <subfield code="l">0</subfield>
    <subfield code="o">H330 IEC 81</subfield>
    <subfield code="p">R12199</subfield>
    <subfield code="r">2026-04-10 16:08:24</subfield>
    <subfield code="w">2026-04-10</subfield>
    <subfield code="y">RN</subfield>
  </datafield>
  <datafield tag="952" ind1=" " ind2=" ">
    <subfield code="0">0</subfield>
    <subfield code="1">0</subfield>
    <subfield code="4">0</subfield>
    <subfield code="7">0</subfield>
    <subfield code="a">BCEJYS</subfield>
    <subfield code="b">BCEJYS</subfield>
    <subfield code="c">17</subfield>
    <subfield code="d">1999-12-01</subfield>
    <subfield code="h">A&#xF1;o XX, N&#xBA; 80 - dic. 1999</subfield>
    <subfield code="l">0</subfield>
    <subfield code="o">H330 IEC 80</subfield>
    <subfield code="p">R12198</subfield>
    <subfield code="r">2026-04-10 16:08:24</subfield>
    <subfield code="w">2026-04-10</subfield>
    <subfield code="y">RN</subfield>
  </datafield>
  <datafield tag="952" ind1=" " ind2=" ">
    <subfield code="0">0</subfield>
    <subfield code="1">0</subfield>
    <subfield code="4">0</subfield>
    <subfield code="7">0</subfield>
    <subfield code="a">BCEJYS</subfield>
    <subfield code="b">BCEJYS</subfield>
    <subfield code="c">17</subfield>
    <subfield code="d">1999-09-01</subfield>
    <subfield code="h">A&#xF1;o XX, N&#xBA; 79 - sep. 1999</subfield>
    <subfield code="l">0</subfield>
    <subfield code="o">H330 IEC 79</subfield>
    <subfield code="p">R12197</subfield>
    <subfield code="r">2026-04-10 16:08:24</subfield>
    <subfield code="w">2026-04-10</subfield>
    <subfield code="y">RN</subfield>
  </datafield>
  <datafield tag="952" ind1=" " ind2=" ">
    <subfield code="0">0</subfield>
    <subfield code="1">0</subfield>
    <subfield code="4">0</subfield>
    <subfield code="7">0</subfield>
    <subfield code="a">BCEJYS</subfield>
    <subfield code="b">BCEJYS</subfield>
    <subfield code="c">17</subfield>
    <subfield code="d">1999-06-01</subfield>
    <subfield code="h">A&#xF1;o XX, N&#xBA; 78 - jun. 1999</subfield>
    <subfield code="l">0</subfield>
    <subfield code="o">H330 IEC 78</subfield>
    <subfield code="p">R12196</subfield>
    <subfield code="r">2026-04-10 16:08:24</subfield>
    <subfield code="w">2026-04-10</subfield>
    <subfield code="y">RN</subfield>
  </datafield>
  <datafield tag="952" ind1=" " ind2=" ">
    <subfield code="0">0</subfield>
    <subfield code="1">0</subfield>
    <subfield code="4">0</subfield>
    <subfield code="7">0</subfield>
    <subfield code="a">BCEJYS</subfield>
    <subfield code="b">BCEJYS</subfield>
    <subfield code="c">17</subfield>
    <subfield code="d">1998-12-01</subfield>
    <subfield code="h">A&#xF1;o XIX, N&#xBA; 76 - dic. 1998</subfield>
    <subfield code="l">0</subfield>
    <subfield code="o">H330 IEC 76</subfield>
    <subfield code="p">R12195</subfield>
    <subfield code="r">2026-04-10 16:08:24</subfield>
    <subfield code="w">2026-04-10</subfield>
    <subfield code="y">RN</subfield>
  </datafield>
  <datafield tag="952" ind1=" " ind2=" ">
    <subfield code="0">0</subfield>
    <subfield code="1">0</subfield>
    <subfield code="4">0</subfield>
    <subfield code="7">0</subfield>
    <subfield code="a">BCEJYS</subfield>
    <subfield code="b">BCEJYS</subfield>
    <subfield code="c">17</subfield>
    <subfield code="d">1998-06-01</subfield>
    <subfield code="h">A&#xF1;o XIX, N&#xBA; 74 - jun. 1998</subfield>
    <subfield code="l">0</subfield>
    <subfield code="o">H330 IEC 74</subfield>
    <subfield code="p">R12194</subfield>
    <subfield code="r">2026-04-10 16:08:24</subfield>
    <subfield code="w">2026-04-10</subfield>
    <subfield code="y">RN</subfield>
  </datafield>
  <datafield tag="952" ind1=" " ind2=" ">
    <subfield code="0">0</subfield>
    <subfield code="1">0</subfield>
    <subfield code="4">0</subfield>
    <subfield code="7">0</subfield>
    <subfield code="a">BCEJYS</subfield>
    <subfield code="b">BCEJYS</subfield>
    <subfield code="c">17</subfield>
    <subfield code="d">1998-03-01</subfield>
    <subfield code="h">A&#xF1;o XIX, N&#xBA; 73 - mar. 1998</subfield>
    <subfield code="l">0</subfield>
    <subfield code="o">H330 IEC 73</subfield>
    <subfield code="p">R12193</subfield>
    <subfield code="r">2026-04-10 16:08:24</subfield>
    <subfield code="w">2026-04-10</subfield>
    <subfield code="y">RN</subfield>
  </datafield>
  <datafield tag="952" ind1=" " ind2=" ">
    <subfield code="0">0</subfield>
    <subfield code="1">0</subfield>
    <subfield code="4">0</subfield>
    <subfield code="7">0</subfield>
    <subfield code="a">BCEJYS</subfield>
    <subfield code="b">BCEJYS</subfield>
    <subfield code="c">17</subfield>
    <subfield code="d">1997-12-01</subfield>
    <subfield code="h">A&#xF1;o XVIII, N&#xBA; 71/72 - dic. 1997</subfield>
    <subfield code="l">0</subfield>
    <subfield code="o">H330 IEC 71/72</subfield>
    <subfield code="p">R12192</subfield>
    <subfield code="r">2026-04-10 16:08:24</subfield>
    <subfield code="w">2026-04-10</subfield>
    <subfield code="y">RN</subfield>
  </datafield>
  <datafield tag="952" ind1=" " ind2=" ">
    <subfield code="0">0</subfield>
    <subfield code="1">0</subfield>
    <subfield code="4">0</subfield>
    <subfield code="7">0</subfield>
    <subfield code="a">BCEJYS</subfield>
    <subfield code="b">BCEJYS</subfield>
    <subfield code="c">17</subfield>
    <subfield code="d">1997-08-01</subfield>
    <subfield code="h">A&#xF1;o XVIII, N&#xBA; 70 - ago. 1997</subfield>
    <subfield code="l">0</subfield>
    <subfield code="o">H330 IEC 70</subfield>
    <subfield code="p">R12191</subfield>
    <subfield code="r">2026-04-10 16:08:24</subfield>
    <subfield code="w">2026-04-10</subfield>
    <subfield code="y">RN</subfield>
  </datafield>
  <datafield tag="952" ind1=" " ind2=" ">
    <subfield code="0">0</subfield>
    <subfield code="1">0</subfield>
    <subfield code="4">0</subfield>
    <subfield code="7">0</subfield>
    <subfield code="a">BCEJYS</subfield>
    <subfield code="b">BCEJYS</subfield>
    <subfield code="c">17</subfield>
    <subfield code="d">1997-03-01</subfield>
    <subfield code="h">A&#xF1;o XVIII, N&#xBA; 68 - mar. 1997</subfield>
    <subfield code="l">0</subfield>
    <subfield code="o">H330 IEC 68</subfield>
    <subfield code="p">R12190</subfield>
    <subfield code="r">2026-04-10 16:08:24</subfield>
    <subfield code="w">2026-04-10</subfield>
    <subfield code="y">RN</subfield>
  </datafield>
  <datafield tag="952" ind1=" " ind2=" ">
    <subfield code="0">0</subfield>
    <subfield code="1">0</subfield>
    <subfield code="4">0</subfield>
    <subfield code="7">0</subfield>
    <subfield code="a">BCEJYS</subfield>
    <subfield code="b">BCEJYS</subfield>
    <subfield code="c">17</subfield>
    <subfield code="d">1996-03-01</subfield>
    <subfield code="h">A&#xF1;o XVII, N&#xBA; 65 - mar. 1996</subfield>
    <subfield code="l">0</subfield>
    <subfield code="o">H330 IEC 65</subfield>
    <subfield code="p">R12189</subfield>
    <subfield code="r">2026-04-10 16:08:24</subfield>
    <subfield code="w">2026-04-10</subfield>
    <subfield code="y">RN</subfield>
  </datafield>
  <datafield tag="952" ind1=" " ind2=" ">
    <subfield code="0">0</subfield>
    <subfield code="1">0</subfield>
    <subfield code="4">0</subfield>
    <subfield code="7">0</subfield>
    <subfield code="a">BCEJYS</subfield>
    <subfield code="b">BCEJYS</subfield>
    <subfield code="c">17</subfield>
    <subfield code="d">1995-12-01</subfield>
    <subfield code="h">A&#xF1;o XVI, N&#xBA; 64 - dic. 1995</subfield>
    <subfield code="l">0</subfield>
    <subfield code="o">H330 IEC 64</subfield>
    <subfield code="p">R12188</subfield>
    <subfield code="r">2026-04-10 16:08:24</subfield>
    <subfield code="w">2026-04-10</subfield>
    <subfield code="y">RN</subfield>
  </datafield>
  <datafield tag="952" ind1=" " ind2=" ">
    <subfield code="0">0</subfield>
    <subfield code="1">0</subfield>
    <subfield code="4">0</subfield>
    <subfield code="7">0</subfield>
    <subfield code="a">BCEJYS</subfield>
    <subfield code="b">BCEJYS</subfield>
    <subfield code="c">17</subfield>
    <subfield code="d">1995-09-01</subfield>
    <subfield code="h">A&#xF1;o XVI, N&#xBA; 63 - sep. 1995</subfield>
    <subfield code="l">0</subfield>
    <subfield code="o">H330 IEC 63</subfield>
    <subfield code="p">R12187</subfield>
    <subfield code="r">2026-04-10 16:08:24</subfield>
    <subfield code="w">2026-04-10</subfield>
    <subfield code="y">RN</subfield>
  </datafield>
  <datafield tag="952" ind1=" " ind2=" ">
    <subfield code="0">0</subfield>
    <subfield code="1">0</subfield>
    <subfield code="4">0</subfield>
    <subfield code="7">0</subfield>
    <subfield code="a">BCEJYS</subfield>
    <subfield code="b">BCEJYS</subfield>
    <subfield code="c">17</subfield>
    <subfield code="d">1995-06-01</subfield>
    <subfield code="h">A&#xF1;o XVI, N&#xBA; 62 - jun. 1995</subfield>
    <subfield code="l">0</subfield>
    <subfield code="o">H330 IEC 62</subfield>
    <subfield code="p">R12186</subfield>
    <subfield code="r">2026-04-10 16:08:24</subfield>
    <subfield code="w">2026-04-10</subfield>
    <subfield code="y">RN</subfield>
  </datafield>
  <datafield tag="952" ind1=" " ind2=" ">
    <subfield code="0">0</subfield>
    <subfield code="1">0</subfield>
    <subfield code="4">0</subfield>
    <subfield code="7">0</subfield>
    <subfield code="a">BCEJYS</subfield>
    <subfield code="b">BCEJYS</subfield>
    <subfield code="c">17</subfield>
    <subfield code="d">1994-12-01</subfield>
    <subfield code="h">A&#xF1;o XV, N&#xBA; 60 - dic. 1994</subfield>
    <subfield code="l">0</subfield>
    <subfield code="o">H330 IEC 60</subfield>
    <subfield code="p">R12185</subfield>
    <subfield code="r">2026-04-10 16:08:24</subfield>
    <subfield code="w">2026-04-10</subfield>
    <subfield code="y">RN</subfield>
  </datafield>
  <datafield tag="952" ind1=" " ind2=" ">
    <subfield code="0">0</subfield>
    <subfield code="1">0</subfield>
    <subfield code="4">0</subfield>
    <subfield code="7">0</subfield>
    <subfield code="a">BCEJYS</subfield>
    <subfield code="b">BCEJYS</subfield>
    <subfield code="c">17</subfield>
    <subfield code="d">1994-09-01</subfield>
    <subfield code="h">A&#xF1;o XV, N&#xBA; 59 - sep. 1994</subfield>
    <subfield code="l">0</subfield>
    <subfield code="o">H330 IEC 59</subfield>
    <subfield code="p">R12184</subfield>
    <subfield code="r">2026-04-10 16:08:24</subfield>
    <subfield code="w">2026-04-10</subfield>
    <subfield code="y">RN</subfield>
  </datafield>
  <datafield tag="952" ind1=" " ind2=" ">
    <subfield code="0">0</subfield>
    <subfield code="1">0</subfield>
    <subfield code="4">0</subfield>
    <subfield code="7">0</subfield>
    <subfield code="a">BCEJYS</subfield>
    <subfield code="b">BCEJYS</subfield>
    <subfield code="c">17</subfield>
    <subfield code="d">1994-06-01</subfield>
    <subfield code="h">A&#xF1;o XIV, N&#xBA; 58 - jun. 1994</subfield>
    <subfield code="l">0</subfield>
    <subfield code="o">H330 IEC 58</subfield>
    <subfield code="p">R12183</subfield>
    <subfield code="r">2026-04-10 16:08:24</subfield>
    <subfield code="w">2026-04-10</subfield>
    <subfield code="y">RN</subfield>
  </datafield>
  <datafield tag="952" ind1=" " ind2=" ">
    <subfield code="0">0</subfield>
    <subfield code="1">0</subfield>
    <subfield code="4">0</subfield>
    <subfield code="7">0</subfield>
    <subfield code="a">BCEJYS</subfield>
    <subfield code="b">BCEJYS</subfield>
    <subfield code="c">17</subfield>
    <subfield code="d">1994-03-01</subfield>
    <subfield code="h">A&#xF1;o XIV, N&#xBA; 57 - mar. 1994</subfield>
    <subfield code="l">0</subfield>
    <subfield code="o">H330 IEC 57</subfield>
    <subfield code="p">R12182</subfield>
    <subfield code="r">2026-04-10 16:08:24</subfield>
    <subfield code="w">2026-04-10</subfield>
    <subfield code="y">RN</subfield>
  </datafield>
  <datafield tag="952" ind1=" " ind2=" ">
    <subfield code="0">0</subfield>
    <subfield code="1">0</subfield>
    <subfield code="4">0</subfield>
    <subfield code="7">0</subfield>
    <subfield code="a">BCEJYS</subfield>
    <subfield code="b">BCEJYS</subfield>
    <subfield code="c">17</subfield>
    <subfield code="d">1993-12-01</subfield>
    <subfield code="h">A&#xF1;o XIV, N&#xBA; 56 - dic. 1993</subfield>
    <subfield code="l">0</subfield>
    <subfield code="o">H330 IEC 56</subfield>
    <subfield code="p">R12181</subfield>
    <subfield code="r">2026-04-10 16:08:24</subfield>
    <subfield code="w">2026-04-10</subfield>
    <subfield code="y">RN</subfield>
  </datafield>
  <datafield tag="952" ind1=" " ind2=" ">
    <subfield code="0">0</subfield>
    <subfield code="1">0</subfield>
    <subfield code="4">0</subfield>
    <subfield code="7">0</subfield>
    <subfield code="a">BCEJYS</subfield>
    <subfield code="b">BCEJYS</subfield>
    <subfield code="c">17</subfield>
    <subfield code="d">1993-06-01</subfield>
    <subfield code="h">A&#xF1;o XIV, N&#xBA; 54 - jun. 1993</subfield>
    <subfield code="l">0</subfield>
    <subfield code="o">H330 IEC 54</subfield>
    <subfield code="p">R12180</subfield>
    <subfield code="r">2026-04-10 16:08:24</subfield>
    <subfield code="w">2026-04-10</subfield>
    <subfield code="y">RN</subfield>
  </datafield>
  <datafield tag="952" ind1=" " ind2=" ">
    <subfield code="0">0</subfield>
    <subfield code="1">0</subfield>
    <subfield code="4">0</subfield>
    <subfield code="7">0</subfield>
    <subfield code="a">BCEJYS</subfield>
    <subfield code="b">BCEJYS</subfield>
    <subfield code="c">17</subfield>
    <subfield code="d">1993-03-01</subfield>
    <subfield code="h">A&#xF1;o XIV, N&#xBA; 53 - mar. 1993</subfield>
    <subfield code="l">0</subfield>
    <subfield code="o">H330 IEC 53</subfield>
    <subfield code="p">R12179</subfield>
    <subfield code="r">2026-04-10 16:08:24</subfield>
    <subfield code="w">2026-04-10</subfield>
    <subfield code="y">RN</subfield>
  </datafield>
  <datafield tag="952" ind1=" " ind2=" ">
    <subfield code="0">0</subfield>
    <subfield code="1">0</subfield>
    <subfield code="4">0</subfield>
    <subfield code="7">0</subfield>
    <subfield code="a">BCEJYS</subfield>
    <subfield code="b">BCEJYS</subfield>
    <subfield code="c">17</subfield>
    <subfield code="d">1992-12-01</subfield>
    <subfield code="h">A&#xF1;o XIII, N&#xBA; 52 - dic. 1992</subfield>
    <subfield code="l">0</subfield>
    <subfield code="o">H330 IEC 52</subfield>
    <subfield code="p">R12178</subfield>
    <subfield code="r">2026-04-10 16:08:24</subfield>
    <subfield code="w">2026-04-10</subfield>
    <subfield code="y">RN</subfield>
  </datafield>
  <datafield tag="952" ind1=" " ind2=" ">
    <subfield code="0">0</subfield>
    <subfield code="1">0</subfield>
    <subfield code="4">0</subfield>
    <subfield code="7">0</subfield>
    <subfield code="a">BCEJYS</subfield>
    <subfield code="b">BCEJYS</subfield>
    <subfield code="c">17</subfield>
    <subfield code="d">1991-12-01</subfield>
    <subfield code="h">A&#xF1;o XII, N&#xBA; 48 - dic. 1991</subfield>
    <subfield code="l">0</subfield>
    <subfield code="o">H330 IEC 48</subfield>
    <subfield code="p">R12177</subfield>
    <subfield code="r">2026-04-10 16:08:24</subfield>
    <subfield code="w">2026-04-10</subfield>
    <subfield code="y">RN</subfield>
  </datafield>
  <datafield tag="952" ind1=" " ind2=" ">
    <subfield code="0">0</subfield>
    <subfield code="1">0</subfield>
    <subfield code="4">0</subfield>
    <subfield code="7">0</subfield>
    <subfield code="a">BCEJYS</subfield>
    <subfield code="b">BCEJYS</subfield>
    <subfield code="c">17</subfield>
    <subfield code="d">1990-06-01</subfield>
    <subfield code="h">A&#xF1;o XI, N&#xBA; 42/43 - jun./sep. 1990</subfield>
    <subfield code="l">0</subfield>
    <subfield code="o">H330 IEC 42/43</subfield>
    <subfield code="p">R12176</subfield>
    <subfield code="r">2026-04-10 16:08:24</subfield>
    <subfield code="w">2026-04-10</subfield>
    <subfield code="y">RN</subfield>
  </datafield>
  <datafield tag="952" ind1=" " ind2=" ">
    <subfield code="0">0</subfield>
    <subfield code="1">0</subfield>
    <subfield code="4">0</subfield>
    <subfield code="7">0</subfield>
    <subfield code="a">BCEJYS</subfield>
    <subfield code="b">BCEJYS</subfield>
    <subfield code="c">17</subfield>
    <subfield code="d">1989-12-01</subfield>
    <subfield code="h">A&#xF1;o X/XI, N&#xBA; 40/41 - dic. 1989/mar. 1990</subfield>
    <subfield code="l">0</subfield>
    <subfield code="o">H330 IEC 40/41</subfield>
    <subfield code="p">R12175</subfield>
    <subfield code="r">2026-04-10 16:08:24</subfield>
    <subfield code="w">2026-04-10</subfield>
    <subfield code="y">RN</subfield>
  </datafield>
  <datafield tag="952" ind1=" " ind2=" ">
    <subfield code="0">0</subfield>
    <subfield code="1">0</subfield>
    <subfield code="4">0</subfield>
    <subfield code="7">0</subfield>
    <subfield code="a">BCEJYS</subfield>
    <subfield code="b">BCEJYS</subfield>
    <subfield code="c">17</subfield>
    <subfield code="d">1989-09-11</subfield>
    <subfield code="h">A&#xF1;o X, N&#xBA; 39 - sep. 1989</subfield>
    <subfield code="l">0</subfield>
    <subfield code="o">H330 IEC 39</subfield>
    <subfield code="p">R12174</subfield>
    <subfield code="r">2026-04-10 16:08:24</subfield>
    <subfield code="w">2026-04-10</subfield>
    <subfield code="y">RN</subfield>
  </datafield>
  <datafield tag="952" ind1=" " ind2=" ">
    <subfield code="0">0</subfield>
    <subfield code="1">0</subfield>
    <subfield code="4">0</subfield>
    <subfield code="7">0</subfield>
    <subfield code="a">BCEJYS</subfield>
    <subfield code="b">BCEJYS</subfield>
    <subfield code="c">17</subfield>
    <subfield code="d">1989-06-01</subfield>
    <subfield code="h">A&#xF1;o X, N&#xBA; 38 - jun. 1989</subfield>
    <subfield code="l">0</subfield>
    <subfield code="o">H330 IEC 38</subfield>
    <subfield code="p">R12173</subfield>
    <subfield code="r">2026-04-10 16:08:24</subfield>
    <subfield code="w">2026-04-10</subfield>
    <subfield code="y">RN</subfield>
  </datafield>
  <datafield tag="952" ind1=" " ind2=" ">
    <subfield code="0">0</subfield>
    <subfield code="1">0</subfield>
    <subfield code="4">0</subfield>
    <subfield code="7">0</subfield>
    <subfield code="a">BCEJYS</subfield>
    <subfield code="b">BCEJYS</subfield>
    <subfield code="c">17</subfield>
    <subfield code="d">1989-03-01</subfield>
    <subfield code="h">A&#xF1;o X, N&#xBA; 37 - mar./abr. 1989</subfield>
    <subfield code="l">0</subfield>
    <subfield code="o">H330 IEC 37</subfield>
    <subfield code="p">R12172</subfield>
    <subfield code="r">2026-04-10 16:08:24</subfield>
    <subfield code="w">2026-04-10</subfield>
    <subfield code="y">RN</subfield>
  </datafield>
  <datafield tag="952" ind1=" " ind2=" ">
    <subfield code="0">0</subfield>
    <subfield code="1">0</subfield>
    <subfield code="4">0</subfield>
    <subfield code="7">0</subfield>
    <subfield code="a">BCEJYS</subfield>
    <subfield code="b">BCEJYS</subfield>
    <subfield code="c">17</subfield>
    <subfield code="d">1988-12-01</subfield>
    <subfield code="h">A&#xF1;o IX, N&#xBA; 36 - dic. 1988</subfield>
    <subfield code="l">0</subfield>
    <subfield code="o">H330 IEC 36</subfield>
    <subfield code="p">R12171</subfield>
    <subfield code="r">2026-04-10 16:08:24</subfield>
    <subfield code="w">2026-04-10</subfield>
    <subfield code="y">RN</subfield>
  </datafield>
  <datafield tag="952" ind1=" " ind2=" ">
    <subfield code="0">0</subfield>
    <subfield code="1">0</subfield>
    <subfield code="4">0</subfield>
    <subfield code="7">0</subfield>
    <subfield code="a">BCEJYS</subfield>
    <subfield code="b">BCEJYS</subfield>
    <subfield code="c">17</subfield>
    <subfield code="d">1988-09-01</subfield>
    <subfield code="h">A&#xF1;o IX, N&#xBA; 35 - sep. 1988</subfield>
    <subfield code="l">0</subfield>
    <subfield code="o">H330 IEC 35</subfield>
    <subfield code="p">R12170</subfield>
    <subfield code="r">2026-04-10 16:08:24</subfield>
    <subfield code="w">2026-04-10</subfield>
    <subfield code="y">RN</subfield>
  </datafield>
  <datafield tag="952" ind1=" " ind2=" ">
    <subfield code="0">0</subfield>
    <subfield code="1">0</subfield>
    <subfield code="4">0</subfield>
    <subfield code="7">0</subfield>
    <subfield code="a">BCEJYS</subfield>
    <subfield code="b">BCEJYS</subfield>
    <subfield code="c">17</subfield>
    <subfield code="d">1988-06-01</subfield>
    <subfield code="h">A&#xF1;o IX, N&#xBA; 34 - jun. 1988</subfield>
    <subfield code="l">0</subfield>
    <subfield code="o">H330 IEC 34</subfield>
    <subfield code="p">R12169</subfield>
    <subfield code="r">2026-04-10 16:08:24</subfield>
    <subfield code="w">2026-04-10</subfield>
    <subfield code="y">RN</subfield>
  </datafield>
  <datafield tag="952" ind1=" " ind2=" ">
    <subfield code="0">0</subfield>
    <subfield code="1">0</subfield>
    <subfield code="4">0</subfield>
    <subfield code="7">0</subfield>
    <subfield code="a">BCEJYS</subfield>
    <subfield code="b">BCEJYS</subfield>
    <subfield code="c">17</subfield>
    <subfield code="d">1988-03-01</subfield>
    <subfield code="h">A&#xF1;o IX, N&#xBA; 33 - mar. 1988</subfield>
    <subfield code="l">0</subfield>
    <subfield code="o">H330 IEC 33</subfield>
    <subfield code="p">R12168</subfield>
    <subfield code="r">2026-04-10 16:08:24</subfield>
    <subfield code="w">2026-04-10</subfield>
    <subfield code="y">RN</subfield>
  </datafield>
  <datafield tag="952" ind1=" " ind2=" ">
    <subfield code="0">0</subfield>
    <subfield code="1">0</subfield>
    <subfield code="4">0</subfield>
    <subfield code="7">0</subfield>
    <subfield code="a">BCEJYS</subfield>
    <subfield code="b">BCEJYS</subfield>
    <subfield code="c">17</subfield>
    <subfield code="d">1987-12-01</subfield>
    <subfield code="h">A&#xF1;o VIII, N&#xBA; 32 - dic. 1987</subfield>
    <subfield code="l">0</subfield>
    <subfield code="o">H330 IEC 32</subfield>
    <subfield code="p">R12167</subfield>
    <subfield code="r">2026-04-10 16:08:24</subfield>
    <subfield code="w">2026-04-10</subfield>
    <subfield code="y">RN</subfield>
  </datafield>
  <datafield tag="952" ind1=" " ind2=" ">
    <subfield code="0">0</subfield>
    <subfield code="1">0</subfield>
    <subfield code="4">0</subfield>
    <subfield code="7">0</subfield>
    <subfield code="a">BCEJYS</subfield>
    <subfield code="b">BCEJYS</subfield>
    <subfield code="c">17</subfield>
    <subfield code="d">1987-09-01</subfield>
    <subfield code="h">A&#xF1;o VIII, N&#xBA; 31 - sep. 1987</subfield>
    <subfield code="l">0</subfield>
    <subfield code="o">H330 IEC 31</subfield>
    <subfield code="p">R12166</subfield>
    <subfield code="r">2026-04-10 16:08:24</subfield>
    <subfield code="w">2026-04-10</subfield>
    <subfield code="y">RN</subfield>
  </datafield>
  <datafield tag="952" ind1=" " ind2=" ">
    <subfield code="0">0</subfield>
    <subfield code="1">0</subfield>
    <subfield code="4">0</subfield>
    <subfield code="7">0</subfield>
    <subfield code="a">BCEJYS</subfield>
    <subfield code="b">BCEJYS</subfield>
    <subfield code="c">17</subfield>
    <subfield code="d">1987-06-01</subfield>
    <subfield code="h">A&#xF1;o VIII, N&#xBA; 30 - jun. 1987</subfield>
    <subfield code="l">0</subfield>
    <subfield code="o">H330 IEC 30</subfield>
    <subfield code="p">R12165</subfield>
    <subfield code="r">2026-04-10 16:08:24</subfield>
    <subfield code="w">2026-04-10</subfield>
    <subfield code="y">RN</subfield>
  </datafield>
  <datafield tag="952" ind1=" " ind2=" ">
    <subfield code="0">0</subfield>
    <subfield code="1">0</subfield>
    <subfield code="4">0</subfield>
    <subfield code="7">0</subfield>
    <subfield code="a">BCEJYS</subfield>
    <subfield code="b">BCEJYS</subfield>
    <subfield code="c">17</subfield>
    <subfield code="d">1987-03-01</subfield>
    <subfield code="h">A&#xF1;o VII, N&#xBA; 29 - mar. 1987</subfield>
    <subfield code="l">0</subfield>
    <subfield code="o">H330 IEC 29</subfield>
    <subfield code="p">R12164</subfield>
    <subfield code="r">2026-04-10 16:08:24</subfield>
    <subfield code="w">2026-04-10</subfield>
    <subfield code="y">RN</subfield>
  </datafield>
  <datafield tag="952" ind1=" " ind2=" ">
    <subfield code="0">0</subfield>
    <subfield code="1">0</subfield>
    <subfield code="4">0</subfield>
    <subfield code="7">0</subfield>
    <subfield code="a">BCEJYS</subfield>
    <subfield code="b">BCEJYS</subfield>
    <subfield code="c">17</subfield>
    <subfield code="d">1986-12-01</subfield>
    <subfield code="h">A&#xF1;o VII, N&#xBA; 28 - dic. 1986</subfield>
    <subfield code="l">0</subfield>
    <subfield code="o">H330 IEC 28</subfield>
    <subfield code="p">R12163</subfield>
    <subfield code="r">2026-04-10 16:08:24</subfield>
    <subfield code="w">2026-04-10</subfield>
    <subfield code="y">RN</subfield>
  </datafield>
  <datafield tag="952" ind1=" " ind2=" ">
    <subfield code="0">0</subfield>
    <subfield code="1">0</subfield>
    <subfield code="4">0</subfield>
    <subfield code="7">0</subfield>
    <subfield code="a">BCEJYS</subfield>
    <subfield code="b">BCEJYS</subfield>
    <subfield code="c">17</subfield>
    <subfield code="d">1986-08-01</subfield>
    <subfield code="h">A&#xF1;o VII, N&#xBA; 27 - ago./sep. 1986</subfield>
    <subfield code="l">0</subfield>
    <subfield code="o">H330 IEC 27</subfield>
    <subfield code="p">R12162</subfield>
    <subfield code="r">2026-04-10 16:08:24</subfield>
    <subfield code="w">2026-04-10</subfield>
    <subfield code="y">RN</subfield>
  </datafield>
  <datafield tag="952" ind1=" " ind2=" ">
    <subfield code="0">0</subfield>
    <subfield code="1">0</subfield>
    <subfield code="4">0</subfield>
    <subfield code="7">0</subfield>
    <subfield code="a">BCEJYS</subfield>
    <subfield code="b">BCEJYS</subfield>
    <subfield code="c">17</subfield>
    <subfield code="d">1986-06-01</subfield>
    <subfield code="h">A&#xF1;o VII, N&#xBA; 26 - jun. 1986</subfield>
    <subfield code="l">0</subfield>
    <subfield code="o">H330 IEC 26</subfield>
    <subfield code="p">R12155</subfield>
    <subfield code="r">2026-04-10 16:08:24</subfield>
    <subfield code="w">2026-04-10</subfield>
    <subfield code="y">RN</subfield>
  </datafield>
  <datafield tag="952" ind1=" " ind2=" ">
    <subfield code="0">0</subfield>
    <subfield code="1">0</subfield>
    <subfield code="4">0</subfield>
    <subfield code="7">0</subfield>
    <subfield code="a">BCEJYS</subfield>
    <subfield code="b">BCEJYS</subfield>
    <subfield code="c">17</subfield>
    <subfield code="d">1986-03-01</subfield>
    <subfield code="h">A&#xF1;o VII, N&#xBA; 25 - mar. 1986</subfield>
    <subfield code="l">0</subfield>
    <subfield code="o">H330 IEC 25</subfield>
    <subfield code="p">R12160</subfield>
    <subfield code="r">2026-04-10 16:08:24</subfield>
    <subfield code="w">2026-04-10</subfield>
    <subfield code="y">RN</subfield>
  </datafield>
  <datafield tag="952" ind1=" " ind2=" ">
    <subfield code="0">0</subfield>
    <subfield code="1">0</subfield>
    <subfield code="4">0</subfield>
    <subfield code="7">0</subfield>
    <subfield code="a">BCEJYS</subfield>
    <subfield code="b">BCEJYS</subfield>
    <subfield code="c">17</subfield>
    <subfield code="d">1985-12-01</subfield>
    <subfield code="h">A&#xF1;o VI, N&#xBA; 24 - dic. 1985</subfield>
    <subfield code="l">0</subfield>
    <subfield code="o">H330 IEC 24</subfield>
    <subfield code="p">R12159</subfield>
    <subfield code="r">2026-04-10 16:08:24</subfield>
    <subfield code="w">2026-04-10</subfield>
    <subfield code="y">RN</subfield>
  </datafield>
  <datafield tag="952" ind1=" " ind2=" ">
    <subfield code="0">0</subfield>
    <subfield code="1">0</subfield>
    <subfield code="4">0</subfield>
    <subfield code="7">0</subfield>
    <subfield code="a">BCEJYS</subfield>
    <subfield code="b">BCEJYS</subfield>
    <subfield code="c">17</subfield>
    <subfield code="d">1985-09-01</subfield>
    <subfield code="h">A&#xF1;o VI, N&#xBA; 23 - sep. 1985</subfield>
    <subfield code="l">0</subfield>
    <subfield code="o">H330 IEC 23</subfield>
    <subfield code="p">R12158</subfield>
    <subfield code="r">2026-04-10 16:08:24</subfield>
    <subfield code="w">2026-04-10</subfield>
    <subfield code="y">RN</subfield>
  </datafield>
  <datafield tag="952" ind1=" " ind2=" ">
    <subfield code="0">0</subfield>
    <subfield code="1">0</subfield>
    <subfield code="4">0</subfield>
    <subfield code="7">0</subfield>
    <subfield code="a">BCEJYS</subfield>
    <subfield code="b">BCEJYS</subfield>
    <subfield code="c">17</subfield>
    <subfield code="d">1985-06-01</subfield>
    <subfield code="h">A&#xF1;o VI, N&#xBA; 22 - jun. 1985</subfield>
    <subfield code="l">0</subfield>
    <subfield code="o">H330 IEC 22</subfield>
    <subfield code="p">R12157</subfield>
    <subfield code="r">2026-04-10 16:08:24</subfield>
    <subfield code="w">2026-04-10</subfield>
    <subfield code="y">RN</subfield>
  </datafield>
  <datafield tag="952" ind1=" " ind2=" ">
    <subfield code="0">0</subfield>
    <subfield code="1">0</subfield>
    <subfield code="4">0</subfield>
    <subfield code="7">0</subfield>
    <subfield code="a">BCEJYS</subfield>
    <subfield code="b">BCEJYS</subfield>
    <subfield code="c">17</subfield>
    <subfield code="d">1985-03-01</subfield>
    <subfield code="h">A&#xF1;o V, N&#xBA; 21 - mar. 1985</subfield>
    <subfield code="l">0</subfield>
    <subfield code="o">H330 IEC 21</subfield>
    <subfield code="p">R12156</subfield>
    <subfield code="r">2026-04-10 16:08:25</subfield>
    <subfield code="w">2026-04-10</subfield>
    <subfield code="y">RN</subfield>
  </datafield>
  <datafield tag="952" ind1=" " ind2=" ">
    <subfield code="0">0</subfield>
    <subfield code="1">0</subfield>
    <subfield code="4">0</subfield>
    <subfield code="7">0</subfield>
    <subfield code="a">BCEJYS</subfield>
    <subfield code="b">BCEJYS</subfield>
    <subfield code="c">17</subfield>
    <subfield code="d">1984-12-01</subfield>
    <subfield code="h">A&#xF1;o V, N&#xBA; 20 - dic. 1984</subfield>
    <subfield code="l">0</subfield>
    <subfield code="o">H330 IEC 20</subfield>
    <subfield code="p">R12161</subfield>
    <subfield code="r">2026-04-10 16:08:25</subfield>
    <subfield code="w">2026-04-10</subfield>
    <subfield code="y">RN</subfield>
  </datafield>
  <datafield tag="952" ind1=" " ind2=" ">
    <subfield code="0">0</subfield>
    <subfield code="1">0</subfield>
    <subfield code="4">0</subfield>
    <subfield code="7">0</subfield>
    <subfield code="a">BCEJYS</subfield>
    <subfield code="b">BCEJYS</subfield>
    <subfield code="c">17</subfield>
    <subfield code="d">1984-09-01</subfield>
    <subfield code="h">A&#xF1;o V, N&#xBA; 19 - sep. 1984</subfield>
    <subfield code="l">0</subfield>
    <subfield code="o">H330 IEC 19</subfield>
    <subfield code="p">R12154</subfield>
    <subfield code="r">2026-04-10 16:08:25</subfield>
    <subfield code="w">2026-04-10</subfield>
    <subfield code="y">RN</subfield>
  </datafield>
  <datafield tag="952" ind1=" " ind2=" ">
    <subfield code="0">0</subfield>
    <subfield code="1">0</subfield>
    <subfield code="4">0</subfield>
    <subfield code="7">0</subfield>
    <subfield code="a">BCEJYS</subfield>
    <subfield code="b">BCEJYS</subfield>
    <subfield code="c">17</subfield>
    <subfield code="d">1984-06-01</subfield>
    <subfield code="h">A&#xF1;o V, N&#xBA; 18 - jun. 1984</subfield>
    <subfield code="l">0</subfield>
    <subfield code="o">H330 IEC 18</subfield>
    <subfield code="p">R12153</subfield>
    <subfield code="r">2026-04-10 16:08:25</subfield>
    <subfield code="w">2026-04-10</subfield>
    <subfield code="y">RN</subfield>
  </datafield>
  <datafield tag="952" ind1=" " ind2=" ">
    <subfield code="0">0</subfield>
    <subfield code="1">0</subfield>
    <subfield code="4">0</subfield>
    <subfield code="7">0</subfield>
    <subfield code="a">BCEJYS</subfield>
    <subfield code="b">BCEJYS</subfield>
    <subfield code="c">17</subfield>
    <subfield code="d">1983-12-01</subfield>
    <subfield code="h">A&#xF1;o IV, N&#xBA; 16 - dic. 1983</subfield>
    <subfield code="l">0</subfield>
    <subfield code="o">H330 IEC 16</subfield>
    <subfield code="p">R12152</subfield>
    <subfield code="r">2026-04-10 16:08:25</subfield>
    <subfield code="w">2026-04-10</subfield>
    <subfield code="y">RN</subfield>
  </datafield>
  <datafield tag="952" ind1=" " ind2=" ">
    <subfield code="0">0</subfield>
    <subfield code="1">0</subfield>
    <subfield code="4">0</subfield>
    <subfield code="7">0</subfield>
    <subfield code="a">BCEJYS</subfield>
    <subfield code="b">BCEJYS</subfield>
    <subfield code="c">17</subfield>
    <subfield code="d">1983-09-01</subfield>
    <subfield code="h">A&#xF1;o IV, N&#xBA; 15 - sep. 1983</subfield>
    <subfield code="l">0</subfield>
    <subfield code="o">H330 IEC 15</subfield>
    <subfield code="p">R12151</subfield>
    <subfield code="r">2026-04-10 16:08:25</subfield>
    <subfield code="w">2026-04-10</subfield>
    <subfield code="y">RN</subfield>
  </datafield>
  <datafield tag="952" ind1=" " ind2=" ">
    <subfield code="0">0</subfield>
    <subfield code="1">0</subfield>
    <subfield code="4">0</subfield>
    <subfield code="7">0</subfield>
    <subfield code="a">BCEJYS</subfield>
    <subfield code="b">BCEJYS</subfield>
    <subfield code="c">17</subfield>
    <subfield code="d">1983-06-01</subfield>
    <subfield code="h">A&#xF1;o IV, N&#xBA; 14 - jun. 1983</subfield>
    <subfield code="l">0</subfield>
    <subfield code="o">H330 IEC 14</subfield>
    <subfield code="p">R12150</subfield>
    <subfield code="r">2026-04-10 16:08:25</subfield>
    <subfield code="w">2026-04-10</subfield>
    <subfield code="y">RN</subfield>
  </datafield>
  <datafield tag="952" ind1=" " ind2=" ">
    <subfield code="0">0</subfield>
    <subfield code="1">0</subfield>
    <subfield code="4">0</subfield>
    <subfield code="7">0</subfield>
    <subfield code="a">BCEJYS</subfield>
    <subfield code="b">BCEJYS</subfield>
    <subfield code="c">17</subfield>
    <subfield code="d">1983-03-01</subfield>
    <subfield code="h">A&#xF1;o IV, N&#xBA; 13 - mar. 1983</subfield>
    <subfield code="l">0</subfield>
    <subfield code="o">H330 IEC 13</subfield>
    <subfield code="p">R12149</subfield>
    <subfield code="r">2026-04-10 16:08:25</subfield>
    <subfield code="w">2026-04-10</subfield>
    <subfield code="y">RN</subfield>
  </datafield>
  <datafield tag="952" ind1=" " ind2=" ">
    <subfield code="0">0</subfield>
    <subfield code="1">0</subfield>
    <subfield code="4">0</subfield>
    <subfield code="7">0</subfield>
    <subfield code="a">BCEJYS</subfield>
    <subfield code="b">BCEJYS</subfield>
    <subfield code="c">17</subfield>
    <subfield code="d">1982-12-01</subfield>
    <subfield code="h">A&#xF1;o III, N&#xBA; 12 - dic. 1982</subfield>
    <subfield code="l">0</subfield>
    <subfield code="o">H330 IEC 12</subfield>
    <subfield code="p">R13115</subfield>
    <subfield code="r">2026-04-10 16:08:25</subfield>
    <subfield code="w">2026-04-10</subfield>
    <subfield code="y">RN</subfield>
  </datafield>
  <datafield tag="952" ind1=" " ind2=" ">
    <subfield code="0">0</subfield>
    <subfield code="1">0</subfield>
    <subfield code="4">0</subfield>
    <subfield code="7">0</subfield>
    <subfield code="a">BCEJYS</subfield>
    <subfield code="b">BCEJYS</subfield>
    <subfield code="c">17</subfield>
    <subfield code="d">1981-12-01</subfield>
    <subfield code="h">A&#xF1;o II, N&#xBA; 8 - dic. 1981</subfield>
    <subfield code="l">0</subfield>
    <subfield code="o">H330 IEC 8</subfield>
    <subfield code="p">R12148</subfield>
    <subfield code="r">2026-04-10 16:08:25</subfield>
    <subfield code="w">2026-04-10</subfield>
    <subfield code="y">RN</subfield>
  </datafield>
  <datafield tag="952" ind1=" " ind2=" ">
    <subfield code="0">0</subfield>
    <subfield code="1">0</subfield>
    <subfield code="4">0</subfield>
    <subfield code="7">0</subfield>
    <subfield code="a">BCEJYS</subfield>
    <subfield code="b">BCEJYS</subfield>
    <subfield code="c">17</subfield>
    <subfield code="d">1981-09-01</subfield>
    <subfield code="h">A&#xF1;o II, N&#xBA; 7 - sep. 1981</subfield>
    <subfield code="l">0</subfield>
    <subfield code="o">H330 IEC 7</subfield>
    <subfield code="p">R12144</subfield>
    <subfield code="r">2026-04-10 16:08:25</subfield>
    <subfield code="w">2026-04-10</subfield>
    <subfield code="y">RN</subfield>
  </datafield>
</record>
